Исследование динамической RQ системы M/M/1 с ненадежным прибором; Информационные технологии и математическое моделирование (ИТММ-2022)

Bibliografiske detaljer
Parent link:Информационные технологии и математическое моделирование (ИТММ-2022).— 2023.— С. 174-179
Hovedforfatter: Воронина Н. М. Наталия Михайловна
Institution som forfatter: Национальный исследовательский Томский политехнический университет
Andre forfattere: Рожкова С. В. Светлана Владимировна, Моисеева С. П. Светлана Петровна
Summary:Заглавие с экрана
В работе рассматривается однолинейная RQ-система массового обслуживания с ненадежным прибором, управляемая динамическим протоколом случайного множественного доступа. Проведено исследование допредельного распределения вероятностей числа заявок на орбите. Для исследования этой системы используется метод производящих функций
Текстовый файл
Sprog:russisk
Udgivet: 2023
Fag:
Online adgang:https://itmmconf.tsu.ru/sites/default/files/ITMM2022.pdf#page=174
https://elibrary.ru/item.asp?id=54092647
Format: MixedMaterials Electronisk Book Chapter
KOHA link:https://koha.lib.tpu.ru/cgi-bin/koha/opac-detail.pl?biblionumber=672038

MARC

LEADER 00000naa0a2200000 4500
001 672038
005 20240404110802.0
090 |a 672038 
100 |a 20240404d2023 k||y0rusy50 ca 
101 0 |a rus 
102 |a RU 
135 |a drnn ---uucaa 
200 1 |a Исследование динамической RQ системы M/M/1 с ненадежным прибором  |f Н. М. Воронина, С. В. Рожкова, С. П. Моисеева 
300 |a Заглавие с экрана 
320 |a Список литературы.: 5 назв. 
330 |a В работе рассматривается однолинейная RQ-система массового обслуживания с ненадежным прибором, управляемая динамическим протоколом случайного множественного доступа. Проведено исследование допредельного распределения вероятностей числа заявок на орбите. Для исследования этой системы используется метод производящих функций 
336 |a Текстовый файл 
463 1 |t Информационные технологии и математическое моделирование (ИТММ-2022)  |o материалы XXI Международной конференции имени А. Ф. Терпугова, Карши, 25-29 октября 2022  |v С. 174-179  |d 2023  |c Томск  |f Национальный исследовательский Томский государственный университет, Российский университет дружбы народов, Институт проблем управления им. В.А. Трапезникова РАН - Каршийский государственный университет, Узбекистан, Математичесикй институт им. В. И. Романовского Академии наук Республики Узбекистан  |n Изд-во ТГУ 
610 1 |a труды учёных ТПУ 
610 1 |a электронный ресурс 
610 1 |a RQ системы 
610 1 |a динамический протокол доступа 
610 1 |a ненадежные приборы 
700 1 |a Воронина  |b Н. М.  |c специалист в области информатики и вычислительной техники  |c старший преподаватель Томского политехнического университета  |f 1980-  |g Наталия Михайловна  |3 (RuTPU)RU\TPU\pers\34263  |9 17794 
701 1 |a Рожкова  |b С. В.  |c математик  |c профессор Томского политехнического университета, доктор физико-математических наук  |f 1971-  |g Светлана Владимировна  |3 (RuTPU)RU\TPU\pers\25740  |9 11642 
701 1 |a Моисеева  |b С. П.  |g Светлана Петровна 
712 0 2 |a Национальный исследовательский Томский политехнический университет  |c (2009- )  |9 26305 
801 0 |a RU  |b 63413507  |c 20240404  |g RCR 
856 4 0 |u https://itmmconf.tsu.ru/sites/default/files/ITMM2022.pdf#page=174  |z https://itmmconf.tsu.ru/sites/default/files/ITMM2022.pdf#page=174 
856 4 0 |u https://elibrary.ru/item.asp?id=54092647  |z https://elibrary.ru/item.asp?id=54092647 
942 |c CF